| 000 | 00416nam a2200157Ia 4500 | ||
|---|---|---|---|
| 008 | 151213s9999 xx 000 0 und d | ||
| 100 | _aGkeb R, Jarboe | ||
| 245 |
_aThe Marketing Research : Project Manual _cGkeb R, Jarboe |
||
| 250 | _a4th | ||
| 260 |
_aCineinnati _bSouth Western Collage _c1999 |
||
| 300 | _a2845 p. | ||
| 650 | _aMarketing | ||
| 650 | _aMarketing | ||
| 700 | _aGkeb R, Jarboe | ||
| 999 |
_c1955 _d1955 |
||